Riadenie talentov v organizácii – riadenie rozvoja ľudského potenciálu v organizácii diplomová práca

Guardado en:
Detalles Bibliográficos
Autor principal: Kamenská, Martina
Autor Corporativo: Fakulta podnikového manažmentu EU. Katedra manažmentu
Otros Autores: Blštáková, Jana, 1980-
Formato: Libro
Lenguaje:eslovaco
Publicado: Bratislava 2015
Etiquetas: Agregar Etiqueta
Sin Etiquetas, Sea el primero en etiquetar este registro!

MARC

LEADER 00000nbm a2200000 4500
001 0206454
005 20161212101118.7
041 0 |a slo 
044 |a SK 
245 1 0 |a Riadenie talentov v organizácii – riadenie rozvoja ľudského potenciálu v organizácii  |b diplomová práca  |c Martina Kamenská ; školiteľ: Jana Blštáková 
264 1 |a Bratislava  |c 2015 
300 |a 82 s. 
100 1 |a Kamenská, Martina 
700 1 |a Blštáková, Jana, 1980- 
710 2 |a Fakulta podnikového manažmentu EU. Katedra manažmentu